01335nam a2200337Ia 4500001001200000003000800012006001900020007001500039008004100054010001700095020001500112020002000127040002100147035002000168050002400188082001600212100002700228245009400255260004400349300001100393490006000404504006600464533015200530600004700682650001800729655002900747710001700776830006100793856012600854999001700980ebr10094066CaPaEBRm u cr cn|||||||||991021s2000 enk sb 001 0 eng d z 99055601  z0203006259 z0415205867 (hb) aCaPaEBRcCaPaEBR a(OCoLC)8437562514aP85.C47bE34 2000eb04a410/.922211 aEdgley, Alison,d1963-14aThe social and political thought of Noam Chomskyh[electronic resource] /cAlison Edgley. aLondon ;aNew York :bRoutledge,c2000. a200 p.1 aRoutledge studies in social and political thought ;v24 aIncludes bibliographical references (p. [189]-196) and index. aElectronic reproduction.bPalo Alto, Calif. :cebrary,d2009.nAvailable via World Wide Web.nAccess may be limited to ebrary affiliated libraries.10aChomsky, NoamxPolitical and social views. 0aPhilologists. 7aElectronic books.2local2 aebrary, Inc. 0aRoutledge studies in social and political thought ;v24.40uhttp://site.ebrary.com/lib/rucke/Doc?id=10094066zAn electronic book accessible through the World Wide Web; click to view c99500d99500